000 00774nam a2200277Ia 4500
003 OSt
005 20220912151452.0
006 a|||||r|||| 00| 0
007 ta
008 220909b |||||||| |||| 00| 0 eng d
024 _a26415
037 _cTextual
040 _aCSL
_beng
_cCSL
041 _aeng
082 _aB281p1,N87, M7
100 _aAzema J Ed.
111 _aSeminaire de probabilites (21 : : )
245 0 _aProceeding on de probabilities
260 _aBerlin
_bSpringer-verlag
_c1987
300 _a579p.
_ccm.
490 _aLecture notes in mathematics; 1247
700 _a Meyer P A Ed.
700 _a Yor M Ed.
942 _hB281p1,N87, M7
_cTEXL
_2CC
999 _c69243
_d69243